Statistics for Starbucks Countries

Click here to take the quiz!

General Stats

  • This quiz has been taken 354 times
    (336 since last reset)
  • The average score is 39 of 55

Answer Stats

Country% Correct
United States
99%
United Kingdom
94%
France
93%
Canada
93%
China
91%
Japan
91%
Australia
89%
Spain
87%
Brazil
87%
Mexico
87%
Germany
86%
Sweden
85%
Portugal
83%
Austria
83%
Norway
82%
Ireland
82%
India
82%
Argentina
82%
Finland
81%
Denmark
81%
Chile
80%
New Zealand
79%
South Korea
79%
Russia
79%
Greece
79%
Netherlands
78%
Belgium
77%
Poland
76%
Romania
73%
Egypt
72%
Thailand
72%
Indonesia
72%
United Arab Emirates
70%
Peru
69%
Hungary
69%
Czech Republic
68%
Qatar
65%
Saudi Arabia
65%
Singapore
62%
Malaysia
61%
Bulgaria
60%
Taiwan
59%
Philippines
58%
Morocco
54%
Oman
53%
Kuwait
51%
Costa Rica
49%
Bahrain
49%
Bahamas
47%
Guatemala
44%
Cyprus
41%
Jordan
40%
El Salvador
36%
Lebanon
36%
Sri Lanka
36%

Score Distribution

Percentile by Number Answered

Percent of People with Each Score

Your Score History

You have not taken this quiz since the last reset